000
00284nam a2200121Ia 4500
008
230303s9999 xx 000 0 und d
041
_a
eng
082
_a
671.2 JAI
100
_a
JAIN (P.L.)
245
_a
Principles of Foundary Technology
260
_a
New Delhi
_b
TMH
365
_c
RS
999
_c
173750
_d
173750